Statistics for WWE Royal Rumble Winners

Click here to take the quiz!

General Stats

  • This quiz has been taken 91 times
  • The average score is 22 of 31

Answer Stats

YearAnswer% Correct
1990Hulk Hogan
81%
1991Hulk Hogan
81%
2000The Rock
78%
1988Jim Duggan
77%
2013John Cena
75%
2008John Cena
75%
2009Randy Orton
75%
2017Randy Orton
75%
2015Roman Reigns
75%
2002Triple H
75%
2016Triple H
75%
2005Batista
74%
2014Batista
74%
1996Shawn Michaels
74%
1995Shawn Michaels
74%
1998Stone Cold Steve Austin
74%
1997Stone Cold Steve Austin
74%
2001Stone Cold Steve Austin
74%
1993Yokozuna
72%
1989Big John Studd
70%
2006Rey Mysterio
70%
1992Ric Flair
70%
2007Undertaker
70%
2003Brock Lesnar
67%
2012Sheamus
67%
2004Chris Benoit
65%
2011Alberto Del Rio
64%
2010Edge
62%
2018Shinsuke Nakamura
58%
1999Mr . McMahon
54%
1994Bret Hart & Lex Luger
38%

Score Distribution

Percentile by Number Answered

Percent of People with Each Score

Your Score History

You have not taken this quiz